[Event "ROM-chT Blitz (Women)"]
[Site "Sebes"]
[Date "2022.12.04"]
[Round "6.3"]
[White "Bucur, Denisa Andreea"]
[Black "Schiopu, Andreea Alexandra"]
[Result "1-0"]
[WhiteElo "1953"]
[BlackElo "1716"]
[PlyCount "133"]
[EventDate "2022.12.04"]
[EventType "team-tourn (blitz)"]
[EventRounds "6"]
[EventCountry "ROU"]
[SourceTitle "CBM 211 Extra"]
[Source "ChessBase"]
[SourceDate "2023.01.31"]
[SourceVersion "1"]
[SourceVersionDate "2023.01.31"]
[SourceQuality "1"]
[WhiteTeam "Arnia Chess (W)"]
[BlackTeam "Bucharest CSM (W)"]
[WhiteTeamCountry "ROU"]
[BlackTeamCountry "ROU"]

1. d4 d5 2. c4 c6 3. Nc3 Nf6 4. e3 g6 5. Nf3 Bg7 6. Bd3 0-0 7. 0-0 Nbd7 8. cxd5 cxd5 9. Bd2 Nb6 10. Rc1 Be6 11. Qb3 Qd7 12. Ne5 Qd8 13. Nb5 Nfd7 14. Nf3 a6 15. Nc3 Rc8 16. Ne2 Nf6 17. Ba5 Rxc1 18. Rxc1 Nfd7 19. Nc3 Qc7 20. Rc2 Qd6 21. Na4 Nxa4 22. Bc7 Ndc5 23. Bxd6 Nxb3 24. Bxe7 Re8 25. axb3 Nxb2 26. Rxb2 Rxe7 27. Rc2 Bf5 28. Bxf5 gxf5 29. Rc8+ Bf8 30. Ne5 Kg7 31. h4 f6 32. Nd3 Kf7 33. Nf4 Rd7 34. Nd3 Bh6 35. Nc5 Re7 36. Rd8 f4 37. exf4 Bxf4 38. g3 Bc7 39. Rxd5 Bb6 40. Rh5 Kg6 41. Rd5 Bxc5 42. dxc5 Rc7 43. b4 Kf7 44. Rd6 a5 45. bxa5 Rxc5 46. Rb6 Rxa5 47. Rxb7+ Kg6 48. Kg2 Ra3 49. Rb6 Kf5 50. Rb5+ Kg6 51. Kh3 Rf3 52. Kg2 Ra3 53. Rc5 Rb3 54. Rc6 Ra3 55. Rc5 Rb3 56. f3 Rb2+ 57. Kh3 Rb3 58. Kg4 Rb4+ 59. f4 Rb3 60. Ra5 Rc3 61. h5+ Kg7 62. Ra7+ Kh6 63. Rf7 Rc6 64. Kh4 Rd6 65. g4 Rd1 66. g5+ fxg5+ 67. fxg5# 1-0

[Event "ROM-chT Blitz (Women)"]
[Site "Sebes"]
[Date "2022.12.04"]
[Round "4.6"]
[White "Hoanca, Alexia Ioana"]
[Black "Schiopu, Andreea Alexandra"]
[Result "1-0"]
[WhiteElo "1540"]
[BlackElo "1716"]
[PlyCount "65"]
[EventDate "2022.12.04"]
[EventType "team-tourn (blitz)"]
[EventRounds "6"]
[EventCountry "ROU"]
[SourceTitle "CBM 211 Extra"]
[Source "ChessBase"]
[SourceDate "2023.01.31"]
[SourceVersion "1"]
[SourceVersionDate "2023.01.31"]
[SourceQuality "1"]
[WhiteTeam "Bucharest CSU (W)"]
[BlackTeam "Bucharest CSM (W)"]
[WhiteTeamCountry "ROU"]
[BlackTeamCountry "ROU"]

1. e4 d5 2. exd5 Qxd5 3. Nc3 Qa5 4. d4 c6 5. Nf3 Nf6 6. h3 Bf5 7. Bc4 e6 8. Bd2 Qc7 9. g4 Bg6 10. h4 Nxg4 11. h5 Bf5 12. Nh4 Nd7 13. Nxf5 exf5 14. Qf3 0-0-0 15. 0-0-0 g6 16. Bxf7 Bh6 17. Bxh6 Nxh6 18. hxg6 Nxf7 19. gxf7 Rdf8 20. Qxf5 Kb8 21. d5 Nb6 22. Rxh7 Rxh7 23. Qxh7 Qf4+ 24. Kb1 Qxf2 25. dxc6 bxc6 26. Qg6 Qf3 27. Qd6+ Kb7 28. Qxf8 Nc4 29. Qe7+ Kb6 30. Qd8+ Kb7 31. f8Q Nd2+ 32. Rxd2 Qxf8 33. Qxf8 1-0

[Event "ROM-chT Blitz (Women)"]
[Site "Sebes"]
[Date "2022.12.04"]
[Round "3.3"]
[White "Schiopu, Andreea Alexandra"]
[Black "Bucur, Denisa Andreea"]
[Result "1/2-1/2"]
[WhiteElo "1716"]
[BlackElo "1953"]
[PlyCount "96"]
[EventDate "2022.12.04"]
[EventType "team-tourn (blitz)"]
[EventRounds "6"]
[EventCountry "ROU"]
[SourceTitle "CBM 211 Extra"]
[Source "ChessBase"]
[SourceDate "2023.01.31"]
[SourceVersion "1"]
[SourceVersionDate "2023.01.31"]
[SourceQuality "1"]
[WhiteTeam "Bucharest CSM (W)"]
[BlackTeam "Arnia Chess (W)"]
[WhiteTeamCountry "ROU"]
[BlackTeamCountry "ROU"]

1. Nf3 d5 2. d4 Nf6 3. Bf4 c5 4. c3 Nc6 5. e3 Qb6 6. Qb3 c4 7. Qc2 Bg4 8. Nbd2 e6 9. Be2 Bf5 10. Qc1 h6 11. h3 Qd8 12. 0-0 Bd6 13. Ne5 0-0 14. Nxc6 bxc6 15. Bxd6 Qxd6 16. Nf3 c5 17. Bd1 cxd4 18. exd4 Rfb8 19. Bc2 Ne4 20. Ne5 f6 21. Ng4 Bh7 22. Re1 Rb6 23. f3 Ng3 24. Bxh7+ Kxh7 25. Qc2+ Kg8 26. Qg6 Kh8 27. Nxf6 gxf6 28. Qxf6+ Kg8 29. Qg6+ Kh8 30. Qxh6+ Kg8 31. Re5 Nf5 32. Qg6+ Kf8 33. g4 Ne7 34. Qh6+ Ke8 35. Qh8+ Kd7 36. Qxa8 Nc6 37. Rh5 Nd8 38. Rh7+ Ke8 39. Rh8+ Kf7 40. Qxd8 Qxd8 41. Rxd8 Rxb2 42. Rd7+ Kg6 43. Rxa7 Kg5 44. Ra6 Kf4 45. Rf1 Kg3 46. Rxe6 Rg2+ 47. Kh1 Rh2+ 48. Kg1 Rg2+ 1/2-1/2

[Event "ROM-chT Blitz (Women)"]
[Site "Sebes"]
[Date "2022.12.04"]
[Round "5.6"]
[White "Schiopu, Andreea Alexandra"]
[Black "Ciolacu, Alessia Mihaela"]
[Result "0-1"]
[WhiteElo "1716"]
[BlackElo "2231"]
[PlyCount "92"]
[EventDate "2022.12.04"]
[EventType "team-tourn (blitz)"]
[EventRounds "6"]
[EventCountry "ROU"]
[SourceTitle "CBM 211 Extra"]
[Source "ChessBase"]
[SourceDate "2023.01.31"]
[SourceVersion "1"]
[SourceVersionDate "2023.01.31"]
[SourceQuality "1"]
[WhiteTeam "Bucharest CSM (W)"]
[BlackTeam "Bucharest CSU ASE (W)"]
[WhiteTeamCountry "ROU"]
[BlackTeamCountry "ROU"]

1. d4 Nf6 2. Nf3 b6 3. Bf4 Bb7 4. e3 g6 5. Be2 Bg7 6. c3 d6 7. Nbd2 0-0 8. 0-0 c5 9. Rc1 Nh5 10. Bg3 Nxg3 11. hxg3 Nc6 12. d5 Nb8 13. Nc4 b5 14. Na3 a6 15. Qd2 Nd7 16. Rfd1 Nf6 17. c4 b4 18. Nc2 Ne4 19. Qd3 f5 20. Qb3 Qd7 21. Nd2 Nf6 22. Ne1 a5 23. Nd3 a4 24. Qc2 h6 25. Nf4 Kh7 26. Ne6 Rfb8 27. Nf3 Bh8 28. Nh4 b3 29. axb3 axb3 30. Qd3 Ne4 31. f3 Nxg3 32. Bf1 Bf6 33. Kh2 Bxh4 34. e4 fxe4 35. fxe4 Nxf1+ 36. Rxf1 Bf6 37. Rf3 Bc8 38. Qe3 Qe8 39. Rh3 h5 40. Rg3 Bxe6 41. dxe6 Qg8 42. Qf3 Qxe6 43. Rf1 Rf8 44. Qe3 Bd4 45. Qd3 Rxf1 46. Qxf1 Be5 0-1

[Event "ROM-chT Blitz (Women)"]
[Site "Sebes"]
[Date "2022.12.04"]
[Round "1.6"]
[White "Schiopu, Andreea Alexandra"]
[Black "Hoanca, Alexia Ioana"]
[Result "1-0"]
[WhiteElo "1716"]
[BlackElo "1540"]
[PlyCount "123"]
[EventDate "2022.12.04"]
[EventType "team-tourn (blitz)"]
[EventRounds "6"]
[EventCountry "ROU"]
[SourceTitle "CBM 211 Extra"]
[Source "ChessBase"]
[SourceDate "2023.01.31"]
[SourceVersion "1"]
[SourceVersionDate "2023.01.31"]
[SourceQuality "1"]
[WhiteTeam "Bucharest CSM (W)"]
[BlackTeam "Bucharest CSU (W)"]
[WhiteTeamCountry "ROU"]
[BlackTeamCountry "ROU"]

1. Nf3 Nf6 2. d4 c5 3. c3 b6 4. Bf4 Bb7 5. e3 g6 6. Be2 Bg7 7. Nbd2 0-0 8. 0-0 d5 9. h3 Nbd7 10. Bh2 Ne4 11. Bd3 Nxd2 12. Qxd2 Re8 13. Rfd1 e5 14. dxe5 Nxe5 15. Nxe5 Bxe5 16. Bb5 Bxh2+ 17. Kxh2 Qc7+ 18. Kg1 Red8 19. Qe2 a6 20. Bd3 Rd6 21. Rd2 Rad8 22. Bxa6 Bxa6 23. Qxa6 Qe7 24. Rad1 Qe8 25. Qd3 Qa4 26. b3 Qe8 27. Qe2 Qe5 28. c4 d4 29. exd4 Qxe2 30. Rxe2 Rxd4 31. Rxd4 Rxd4 32. Kh2 Kf8 33. Kg3 f5 34. Re6 Rd2 35. Rxb6 Rxa2 36. Rb5 Rb2 37. Kf3 Ke7 38. Rb6 Kd7 39. Rb5 Kc6 40. Ke3 Rc2 41. Rb8 Rc3+ 42. Kd2 Kc7 43. Rb5 Rxh3 44. gxh3 g5 45. Rxc5+ Kd6 46. Rxf5 Ke6 47. Rxg5 Kd6 48. Rh5 h6 49. Rxh6+ Kc5 50. f4 Kb4 51. f5 Kxb3 52. c5 Kc4 53. c6 Kd4 54. c7 Ke5 55. f6 Kf4 56. c8Q Ke5 57. Qc5+ Kf4 58. Qe3+ Kf5 59. Rh5+ Kxf6 60. Rh4 Kf5 61. Rf4+ Kg5 62. Qg3+ 1-0

[Event "ROM-chT Rapid (Women)"]
[Site "Sebes"]
[Date "2022.12.03"]
[Round "5.6"]
[White "Bucur, Denisa Andreea"]
[Black "Schiopu, Andreea Alexandra"]
[Result "0-1"]
[WhiteElo "1953"]
[BlackElo "1716"]
[PlyCount "150"]
[EventDate "2022.12.03"]
[EventType "team-swiss (rapid)"]
[EventRounds "6"]
[EventCountry "ROU"]
[SourceTitle "CBM 211 Extra"]
[Source "ChessBase"]
[SourceDate "2023.01.31"]
[SourceVersion "1"]
[SourceVersionDate "2023.01.31"]
[SourceQuality "1"]
[WhiteTeam "Arnia Chess (W)"]
[BlackTeam "Bucharest CSM (W)"]
[WhiteTeamCountry "ROU"]
[BlackTeamCountry "ROU"]

1. d4 d5 2. c4 c6 3. Nc3 Nf6 4. e3 Bf5 5. cxd5 cxd5 6. Qb3 Qd7 7. Bb5 Nc6 8. Nf3 e6 9. Ne5 Qc7 10. Qa4 Rc8 11. Qxa7 Bd6 12. Nxc6 bxc6 13. Qxc7 Rxc7 14. Be2 Bb4 15. Bd2 Rb7 16. f3 Ba5 17. b3 Bb4 18. 0-0 0-0 19. Be1 Ra8 20. Na4 Ba3 21. Bc3 Ne8 22. g4 Bc2 23. Bd1 Bd3 24. Rf2 Bb5 25. Nc5 Rba7 26. Be2 Nd6 27. e4 Bxe2 28. Rxe2 Nb5 29. Na4 Rxa4 30. bxa4 Nxc3 31. Rc2 Bb4 32. a3 Ba5 33. Rac1 dxe4 34. Rxc3 Bxc3 35. Rxc3 Rxa4 36. Rxc6 Kf8 37. fxe4 Rxd4 38. Rc3 Rxe4 39. h3 Re2 40. Kf1 Ra2 41. Ke1 Ke7 42. Kd1 Kd6 43. Kc1 Kd5 44. Kb1 Rh2 45. a4 Kd4 46. Ra3 Kc4 47. Rf3 f6 48. a5 Kb5 49. Ra3 Ka6 50. Kc1 f5 51. gxf5 exf5 52. Kd1 g5 53. Ke1 Rb2 54. Rg3 h6 55. Rd3 Rb5 56. Rd6+ Kxa5 57. Rxh6 f4 58. Kf2 Kb4 59. Kf3 Kc4 60. Rc6+ Kd4 61. Rd6+ Ke5 62. Rd3 Rb1 63. Ra3 Rf1+ 64. Kg2 Rd1 65. Ra5+ Rd5 66. Ra3 Ke4 67. Rb3 Rd2+ 68. Kf1 Rd3 69. Rb4+ Kf3 70. Rb1 Kg3 71. Ke2 Re3+ 72. Kd2 Kxh3 73. Rb5 g4 74. Rf5 Kg3 75. Rf6 Re8 0-1

[Event "ROM-chT Rapid (Women)"]
[Site "Sebes"]
[Date "2022.12.03"]
[Round "6.6"]
[White "Schiopu, Andreea Alexandra"]
[Black "Hoanca, Alexia Ioana"]
[Result "1-0"]
[WhiteElo "1716"]
[BlackElo "1540"]
[PlyCount "79"]
[EventDate "2022.12.03"]
[EventType "team-swiss (rapid)"]
[EventRounds "6"]
[EventCountry "ROU"]
[SourceTitle "CBM 211 Extra"]
[Source "ChessBase"]
[SourceDate "2023.01.31"]
[SourceVersion "1"]
[SourceVersionDate "2023.01.31"]
[SourceQuality "1"]
[WhiteTeam "Bucharest CSM (W)"]
[BlackTeam "Bucharest CSU (W)"]
[WhiteTeamCountry "ROU"]
[BlackTeamCountry "ROU"]

1. d4 Nf6 2. Nf3 c5 3. c3 b6 4. Bf4 g6 5. e3 Bg7 6. Nbd2 Bb7 7. Be2 0-0 8. 0-0 d5 9. h3 Nbd7 10. Bh2 Re8 11. Ne5 Ne4 12. Ndf3 f6 13. Nxd7 Qxd7 14. dxc5 bxc5 15. Qb3 c4 16. Qc2 Rac8 17. Rfd1 e5 18. Qxe4 dxe4 19. Rxd7 exf3 20. Bxc4+ Kh8 21. Bf7 Red8 22. Rxb7 Rd2 23. gxf3 Rcd8 24. b3 Bf8 25. f4 exf4 26. Bxf4 g5 27. Bg3 Bc5 28. Rb8 Kg7 29. Rxd8 Rxd8 30. Be6 h5 31. b4 Bb6 32. c4 h4 33. Bh2 Rd2 34. c5 Bd8 35. b5 Rc2 36. c6 Bb6 37. a4 Ba5 38. Rd1 Kf8 39. Bf5 Bb6 40. Bxc2 1-0

[Event "ROM-ch U20 Girls"]
[Site "Eforie Nord"]
[Date "2022.04.16"]
[Round "7"]
[White "Schiopu, Andreea Alexandra"]
[Black "Anghel, Maria"]
[Result "0-1"]
[WhiteElo "1719"]
[BlackElo "1870"]
[PlyCount "54"]
[EventDate "2022.04.11"]
[EventType "tourn"]
[EventRounds "9"]
[EventCountry "ROU"]
[SourceTitle "EXT 2023"]
[Source "ChessBase"]
[SourceDate "2022.10.05"]
[SourceVersion "1"]
[SourceVersionDate "2022.10.05"]
[SourceQuality "1"]

1. d4 d5 2. Nf3 Nf6 3. c4 dxc4 4. e3 e6 5. Bxc4 a6 6. 0-0 c5 7. b3 cxd4 8. Nxd4 Bd6 9. Bb2 e5 10. Nf3 Qe7 11. h3 Nc6 12. Nbd2 b5 13. Be2 0-0 14. a4 Rb8 15. Ng5 Bf5 16. Bf3 Nb4 17. Nde4 Nxe4 18. Nxe4 Bxe4 19. Bxe4 f5 20. Bd5+ Kh8 21. e4 f4 22. Bc3 f3 23. g3 Qd7 24. Kh2 Rf6 25. axb5 Rh6 26. h4 Rxh4+ 27. gxh4 Qg4 0-1

[Event "ROM-ch U20 Girls"]
[Site "Eforie Nord"]
[Date "2022.04.12"]
[Round "3"]
[White "Schiopu, Andreea Alexandra"]
[Black "Paraschiv, Petronela Alexandra"]
[Result "1/2-1/2"]
[WhiteElo "1719"]
[BlackElo "1857"]
[PlyCount "80"]
[EventDate "2022.04.11"]
[EventType "tourn"]
[EventRounds "9"]
[EventCountry "ROU"]
[SourceTitle "EXT 2023"]
[Source "ChessBase"]
[SourceDate "2022.10.05"]
[SourceVersion "1"]
[SourceVersionDate "2022.10.05"]
[SourceQuality "1"]

1. Nf3 Nf6 2. g3 b5 3. Bg2 Bb7 4. 0-0 e6 5. d4 d5 6. a4 b4 7. a5 Be7 8. Nbd2 0-0 9. Nb3 Na6 10. Ne5 Rb8 11. Nd3 Ne4 12. Qe1 Ba8 13. f3 Nd6 14. Nbc5 Nxc5 15. dxc5 Nb7 16. c6 Nc5 17. Nxb4 Nb3 18. cxb3 Bxb4 19. Qd1 Bxc6 20. Be3 a6 21. Qc2 Bb5 22. Rfc1 Rc8 23. Bf1 Qf6 24. Rd1 c5 25. Bd2 Bxd2 26. Qxd2 Rfd8 27. Rac1 h6 28. Rc2 c4 29. Rdc1 Rb8 30. bxc4 Ba4 31. Rc3 dxc4 32. Qe3 Rxb2 33. Rxc4 Rb3 34. Qe4 Be8 35. Rc8 Rb8 36. Rxd8 Rxd8 37. e3 Qg5 38. Bxa6 Qxa5 39. Qc4 Qd2 40. Qc3 Qxc3 1/2-1/2

[Event "ROM-ch (Women)"]
[Site "Eforie Nord"]
[Date "2022.02.26"]
[Round "8"]
[White "Trifoi, Mihaela Ioana"]
[Black "Schiopu, Andreea Alexandra"]
[Result "1/2-1/2"]
[WhiteElo "1893"]
[BlackElo "1733"]
[PlyCount "92"]
[EventDate "2022.02.20"]
[EventType "swiss"]
[EventRounds "9"]
[EventCountry "ROU"]
[SourceTitle "CBM 207 Extra"]
[Source "ChessBase"]
[SourceDate "2022.05.31"]
[SourceVersion "1"]
[SourceVersionDate "2022.05.31"]
[SourceQuality "1"]

1. e4 c6 2. d4 d5 3. exd5 cxd5 4. Bd3 Nc6 5. c3 Nf6 6. Bf4 Bg4 7. Qb3 Qd7 8. Nd2 e6 9. Ngf3 Bd6 10. Bxd6 Qxd6 11. 0-0 0-0 12. Rfe1 Qc7 13. Qc2 Rfc8 14. Qb1 Ne7 15. Ne5 Bf5 16. h3 b5 17. a3 a5 18. g4 Bxd3 19. Qxd3 b4 20. axb4 axb4 21. Rxa8 Rxa8 22. cxb4 Qb7 23. Qf3 Nc6 24. Nxc6 Qxc6 25. Qc3 Qb7 26. Rc1 Rb8 27. Ra1 h6 28. Ra4 Rc8 29. Qd3 Rc1+ 30. Kg2 Ne4 31. Nb3 Rc4 32. f3 Nf6 33. Nc5 Qb8 34. b5 Qxb5 35. b3 Rxc5 36. Ra8+ Ne8 37. Rxe8+ Qxe8 38. dxc5 Qc6 39. b4 Kf8 40. Qc3 f6 41. Qc2 Ke7 42. Qa2 Qb5 43. Qa7+ Kf8 44. Qb6 Qe2+ 45. Kg3 Qe1+ 46. Kg2 Qe2+ 1/2-1/2

[Event "ROM-ch U20 Girls"]
[Site "Mamaia"]
[Date "2021.04.12"]
[Round "8"]
[White "Schiopu, Andreea Alexandra"]
[Black "Cristocea, Gabriela"]
[Result "1-0"]
[WhiteElo "1663"]
[BlackElo "1757"]
[PlyCount "27"]
[EventDate "2021.04.07"]
[EventType "swiss"]
[EventRounds "9"]
[EventCountry "ROU"]
[SourceTitle "EXT 2022"]
[Source "ChessBase"]
[SourceDate "2021.10.06"]
[SourceVersion "1"]
[SourceVersionDate "2021.10.06"]
[SourceQuality "1"]

1. d4 d5 2. c4 c6 3. cxd5 cxd5 4. Nf3 Nf6 5. Nc3 a6 6. Bf4 Nc6 7. Rc1 Bg4 8. Ne5 Bf5 9. Nxc6 bxc6 10. e3 e6 11. Be2 Be7 12. 0-0 0-0 13. Na4 Nh5 14. Bxh5 1-0

[Event "ROM-chT U20 Girls"]
[Site "Iasi"]
[Date "2018.07.17"]
[Round "5.3"]
[White "Vorniceanu, Alina"]
[Black "Schiopu, Andreea Alexandra"]
[Result "0-1"]
[WhiteElo "1428"]
[BlackElo "1789"]
[PlyCount "82"]
[EventDate "2018.07.13"]
[EventType "team-tourn"]
[EventRounds "6"]
[EventCountry "ROU"]
[SourceTitle "EXT 2019"]
[Source "ChessBase"]
[SourceDate "2018.10.10"]
[SourceVersion "1"]
[SourceVersionDate "2018.10.10"]
[SourceQuality "1"]
[WhiteTeam "Galati CC"]
[BlackTeam "Bucharest CSM"]
[WhiteTeamCountry "ROU"]
[BlackTeamCountry "ROU"]

1. e4 d5 2. exd5 Qxd5 3. Nc3 Qa5 4. d4 c6 5. Bd2 Qc7 6. Bd3 Nf6 7. Nf3 Bg4 8. 0-0 e6 9. Re1 Bd6 10. h3 Bh5 11. Qe2 0-0 12. Rac1 Nbd7 13. Nb1 c5 14. c3 Nb6 15. dxc5 Bxc5 16. Be3 Nbd5 17. Bxc5 Qxc5 18. Bc2 Rfd8 19. Nbd2 Nf4 20. Qf1 Qc6 21. Nd4 Qd5 22. Bb3 Qg5 23. Kh1 Nxh3 24. N2f3 Bxf3 25. Nxf3 Qh5 26. gxh3 Qxf3+ 27. Kg1 Rd2 28. Re3 Qf4 29. Rb1 Ne4 30. Re2 Rad8 31. Rbe1 Ng5 32. Re3 Nf3+ 33. Rxf3 Qxf3 34. Re3 Qf5 35. Re1 Rxb2 36. Re2 Rbd2 37. Rxd2 Rxd2 38. Qe1 Rb2 39. Kg2 Qg6+ 40. Kh2 Rb1 41. Bd1 Qd3 0-1

[Event "ROM-ch (Women)"]
[Site "Olanesti"]
[Date "2018.05.14"]
[Round "1"]
[White "Schiopu, Andreea Alexandra"]
[Black "Dragomirescu, Angela"]
[Result "0-1"]
[WhiteElo "1765"]
[BlackElo "2272"]
[PlyCount "74"]
[EventDate "2018.05.14"]
[EventType "swiss"]
[EventRounds "9"]
[EventCountry "ROU"]
[SourceTitle "CBM 184 Extra"]
[Source "ChessBase"]
[SourceDate "2018.06.28"]
[SourceVersion "1"]
[SourceVersionDate "2018.06.28"]
[SourceQuality "1"]

1. d4 d6 2. e4 Nf6 3. Nc3 g6 4. Nf3 Bg7 5. Bd3 0-0 6. 0-0 c6 7. h3 Nbd7 8. Be3 Qc7 9. Qd2 b5 10. Bh6 Bb7 11. Bxg7 Kxg7 12. Rfe1 e5 13. dxe5 dxe5 14. Rad1 Nc5 15. Qg5 Nfd7 16. Bf1 f6 17. Qg4 Nb6 18. b4 Bc8 19. Qg3 Ne6 20. Nh4 Nf4 21. Rd2 Be6 22. Qe3 Rad8 23. Red1 Rxd2 24. Qxd2 Bf7 25. Qd6 Qxd6 26. Rxd6 Rc8 27. Nf3 Ne6 28. g4 Kf8 29. Rd1 Ke7 30. a4 a6 31. a5 Nd7 32. Ne2 c5 33. c3 cxb4 34. cxb4 Rc4 35. Rc1 Rxb4 36. Rc6 Nec5 37. Nc3 Rb3 0-1

[Event "ROM-ch U16 Girls"]
[Site "Calimanesti"]
[Date "2018.03.28"]
[Round "2"]
[White "Schiopu, Andreea Alexandra"]
[Black "Aciu, Malina Andreea"]
[Result "0-1"]
[WhiteElo "1718"]
[BlackElo "2083"]
[PlyCount "78"]
[EventDate "2018.03.27"]
[EventType "swiss"]
[EventRounds "9"]
[EventCountry "ROU"]
[SourceTitle "CBM 183 Extra"]
[Source "ChessBase"]
[SourceDate "2018.04.19"]
[SourceVersion "1"]
[SourceVersionDate "2018.04.19"]
[SourceQuality "1"]

1. Nf3 Nf6 2. c4 e6 3. Nc3 d5 4. d4 a6 5. cxd5 exd5 6. Bg5 Be7 7. e3 0-0 8. Bd3 Be6 9. Qc2 h6 10. Bh4 Nbd7 11. 0-0 Nh5 12. Bxe7 Qxe7 13. Rac1 c6 14. Bf5 Qf6 15. g4 g6 16. Bxe6 Qxe6 17. h3 Nhf6 18. Kh2 Ne4 19. Nxe4 dxe4 20. Nd2 Nf6 21. Qb3 Qd6+ 22. Kh1 Qd7 23. Nc4 Nd5 24. Ne5 Qe7 25. Qc2 Nf6 26. Qb3 Kg7 27. Qc2 Rac8 28. Qc5 Qd8 29. Nc4 Rc7 30. Rfd1 Re8 31. Ne5 Nd5 32. Nc4 Qf6 33. Qd6 Qxf2 34. Rf1 Qh4 35. Kh2 Re6 36. Qc5 b5 37. Nd6 Nxe3 38. Rf4 Nd5 39. Rff1 Qd8 0-1

[Event "EU-ch U16 Girls 27th"]
[Site "Mamaia"]
[Date "2017.09.06"]
[Round "2"]
[White "Pellicoro, Nathalie"]
[Black "Schiopu, Andreea Alexandra"]
[Result "1/2-1/2"]
[WhiteElo "1903"]
[BlackElo "1659"]
[PlyCount "46"]
[EventDate "2017.09.05"]
[EventType "swiss"]
[EventRounds "9"]
[EventCountry "ROU"]
[SourceTitle "CBM 180 Extra"]
[Source "ChessBase"]
[SourceDate "2017.10.06"]
[SourceVersion "1"]
[SourceVersionDate "2017.10.06"]
[SourceQuality "1"]

1. e4 c5 2. Nc3 a6 3. f4 b5 4. g3 Bb7 5. Bg2 Nf6 6. Qe2 e6 7. e5 Nd5 8. Nxd5 exd5 9. Nf3 Nc6 10. 0-0 Be7 11. f5 0-0 12. d3 Re8 13. Qf2 d6 14. f6 gxf6 15. exf6 Bxf6 16. c3 Qe7 17. Ng5 Bxg5 18. Bxg5 Qxg5 19. Qxf7+ Kh8 20. Qxb7 Ne5 21. Qxd5 Qe3+ 22. Kh1 Nxd3 23. Qf7 Rf8 1/2-1/2

[Event "ROM-ch U16 Girls"]
[Site "Baile Felix"]
[Date "2017.02.04"]
[Round "3"]
[White "Miron, Ioana Larisa"]
[Black "Schiopu, Andreea Alexandra"]
[Result "0-1"]
[WhiteElo "1001"]
[BlackElo "1623"]
[PlyCount "78"]
[EventDate "2017.02.02"]
[EventType "swiss"]
[EventRounds "9"]
[EventCountry "ROU"]
[SourceTitle "CBM 176 Extra"]
[Source "ChessBase"]
[SourceDate "2017.03.02"]
[SourceVersion "1"]
[SourceVersionDate "2017.03.02"]
[SourceQuality "1"]

1. d4 d5 2. Nf3 Nf6 3. Bf4 c5 4. dxc5 e6 5. b4 a5 6. c3 axb4 7. cxb4 Nc6 8. Qd2 Ne4 9. Qb2 Be7 10. Ne5 Bf6 11. b5 Qa5+ 12. Bd2 Nxd2 13. Nxd2 Bxe5 14. Qb1 Bxa1 15. Qxa1 Qxb5 16. Qxg7 Rf8 17. Qxh7 Qxc5 18. Qb1 Rxa2 19. e3 Qc2 20. Qxc2 Rxc2 21. Bd3 Rc1+ 22. Ke2 Rxh1 23. h3 Ra1 24. Nb3 Ra2+ 25. Kf3 Ra3 26. Nc5 Ne5+ 27. Kf4 Nxd3+ 28. Nxd3 Rxd3 29. g3 b5 30. h4 b4 31. Kf3 b3 32. Ke2 Rc3 33. Kd2 Rc6 34. f4 b2 35. Ke2 b1Q 36. Kf3 Qf1+ 37. Kg4 e5+ 38. Kg5 Rg6+ 39. Kh5 Rh8# 0-1

[Event "An Pasan Alcor Christmas"]
[Site "Sofia"]
[Date "2016.12.27"]
[Round "2.4"]
[White "Schiopu, Andreea Alexandra"]
[Black "Nanovski, Stiliyan"]
[Result "1-0"]
[WhiteElo "1620"]
[BlackElo "1781"]
[PlyCount "67"]
[EventDate "2016.12.26"]
[EventType "team-schev"]
[EventRounds "6"]
[EventCountry "BUL"]
[SourceTitle "CBM 176 Extra"]
[Source "ChessBase"]
[SourceDate "2017.03.02"]
[SourceVersion "1"]
[SourceVersionDate "2017.03.02"]
[SourceQuality "1"]
[WhiteTeam "Alcor"]
[BlackTeam "An Pasan"]
[WhiteTeamCountry "ROU"]
[BlackTeamCountry "BUL"]

1. d4 Nf6 2. Bg5 g6 3. Bxf6 exf6 4. Nf3 d5 5. e3 Bg7 6. c4 dxc4 7. Bxc4 0-0 8. 0-0 f5 9. Nc3 Nd7 10. Rc1 Nb6 11. Bb3 c6 12. Qd2 Re8 13. Rfd1 Be6 14. Bxe6 Rxe6 15. Qc2 Rc8 16. Qb3 Rc7 17. a4 Rd7 18. a5 Nd5 19. Nxd5 Rxd5 20. Qxb7 f4 21. Rxc6 fxe3 22. Rc8 exf2+ 23. Kxf2 a6 24. Rxd8+ Rxd8 25. d5 Red6 26. b4 R8d7 27. Qc8+ Rd8 28. Qc4 Rb8 29. Rd3 Bf6 30. Qf4 Rbd8 31. Ng5 Kg7 32. Ne4 Rxd5 33. Qxf6+ Kg8 34. Qxd8+ 1-0

[Event "ROM-ch U14 Girls"]
[Site "Calimanesti Caciulata"]
[Date "2016.04.21"]
[Round "5"]
[White "Aciu, Malina Andreea"]
[Black "Schiopu, Andreea Alexandra"]
[Result "1/2-1/2"]
[WhiteElo "1883"]
[BlackElo "1599"]
[PlyCount "63"]
[EventDate "2016.04.18"]
[EventType "swiss"]
[EventRounds "9"]
[EventCountry "ROU"]
[SourceTitle "CBM 172 Extra"]
[Source "ChessBase"]
[SourceDate "2016.06.21"]
[SourceVersion "1"]
[SourceVersionDate "2016.06.21"]
[SourceQuality "1"]

1. e4 c6 2. d4 d5 3. Nd2 dxe4 4. Nxe4 Bf5 5. Ng3 Bg6 6. Nf3 Nd7 7. h4 h6 8. c3 e6 9. Bf4 Ngf6 10. h5 Bh7 11. Bd3 Bxd3 12. Qxd3 Be7 13. 0-0 0-0 14. Rfe1 Nd5 15. Bd2 c5 16. Rac1 N7f6 17. a3 Bd6 18. Ne5 cxd4 19. cxd4 Qb6 20. Nc4 Qd8 21. Nxd6 Qxd6 22. Rc2 Rfc8 23. Rec1 Qd7 24. Rc5 b6 25. R5c4 Ne7 26. Qf3 Ned5 27. Ne4 Nxe4 28. Qxe4 Rxc4 29. Rxc4 Rc8 30. Rxc8+ Qxc8 31. Qg4 Kh8 32. Qf3 1/2-1/2